000 00648nam a2200229Ia 4500
003 OSt
005 20230516140053.0
008 210423s2010 xx 000 0 und d
020 _a978-1-107-40020-7
040 _cAL
041 _aeng
082 _a418.007 BAIL
100 _aBAILEY (Kathleen M)
_9105279
245 _aLanguage teacher supervision: case based approach
260 _aNew York
_bCambridge University Press
_c2010
300 _axvi,384
_bPB
365 _b375
_cINR
650 _aLanguage
_9105280
650 _aLinguistics
_9105281
906 _aapproach ; based ; case ; Language ; supervision: ; teacher
942 _2ddc
_cBK
999 _c166351
_d166351